عرض عادي عرض مارك
  • بريزات، موسى،

دخول Personal Name

عدد التسجيلات المستخدمة: 1

001 - CONTROL NUMBER

  • control field: 27332

003 - CONTROL NUMBER IDENTIFIER

  • control field: AE-AdECS

005 - DATE AND TIME OF LATEST TRANSACTION

  • control field: 20260318045651.0

008 - FIXED-LENGTH DATA ELEMENTS

  • fixed length control field: 260318|| aca||aabn | a|a d

040 ## - CATALOGING SOURCE

  • Original cataloging agency: AE-AdECS
  • Transcribing agency: AE-AdECS

100 ## - HEADING--PERSONAL NAME

  • Personal name: بريزات، موسى،

670 ## - SOURCE DATA FOUND

  • Source citation: Work cat.: (AE-AdECS)294425: بريزات، موسى، مؤلف., المقاربات الإقليمية لحل الصراع العربي - الإسرائيلي = The Regional Approaches to the Solution of the Arab-Israeli Conflict /

أبوظبي، الإمارات العربية المتحدة

reference@ecssr.ae

97124044780 +

حقوق النشر © 2026 مركز الإمارات للدراسات والبحوث الاستراتيجية جميع الحقوق محفوظة